000 02189cam a2200169 4500500
005 20260405002034.0
041 _afre
042 _adc
100 1 0 _aPuia-Negulescu, Serban
_eauthor
700 1 0 _aBoillot, Olivier
_eauthor
245 0 0 _aVascular reconstructions in transplantation and liver surgery: Essential elements for specialists in hepato-gastroenterology
260 _c2026.
500 _a65
520 _aHepatic vascular reconstructions constitute the cornerstone of liver transplantation and, more exceptionally, of hepatic oncological surgery. In transplantation, they systematically involve the three vascular axes: inferior vena cava, portal vein, and hepatic artery. Each vessel follows specific reconstruction principles, with technical mastery of anastomoses directly determining vascular patency and graft survival. Technical complexity varies according to the type of graft used: whole liver versus partial liver (split or living donor), being more difficult for a partial graft compared to a whole liver. The arterial anastomosis remains the most challenging, particularly due to its small caliber, frequent anatomical variations, and the risk of arterial dissection. Recipient pathological conditions (portal thrombosis, biliary atresia, portal hypertension) require adapted reconstructive strategies, sometimes including a temporary shunt or bypass techniques. In hepatic oncological surgery, the evolution of vascular reconstruction techniques developed in transplantation has revolutionized the management of tumors with vascular invasion, transforming former contraindications into operative indications. Although their use remains limited (< 1% of hepatic resections), they now enable complex oncological resections for hepatocellular carcinomas, cholangiocarcinomas, and hepatic metastases, with an acceptable complication rate. These interventions require rigorous preoperative planning and meticulous patient selection.
786 0 _nHépato-Gastro & Oncologie Digestive | 33 | 2 | 2026-02-24 | p. 195-212 | 2115-3310
856 4 1 _uhttps://stm.cairn.info/journal-hepato-gastro-oncologie-digestive-2026-2-page-195?lang=en&redirect-ssocas=7080
999 _c2053567
_d2053567